| 000 | 00601nam a2200205 i 4500 | ||
|---|---|---|---|
| 001 | bg | ||
| 245 | 0 | 0 |
_aA-Z mała encyklopedia PWN / _c[red. prowadzący Maria Sajko]. |
| 250 |
_aWyd. 2 popr. _a[dodr.]. |
||
| 260 |
_aWarszawa : _bWydaw. Naukowe PWN, _c1997. |
||
| 300 |
_aXIV, 1162 s., XXXII s. tabl. kolor. : _bil., fot., mapy, portr., rys., wykr. ; _c25 cm. |
||
| 650 | 9 | _aEncyklopedia | |
| 700 | 1 |
_aSAJKO, Maria. _eRed. |
|
| 020 | _a8301120908 | ||
| 040 | _cBPK | ||
| 041 | 0 | _apl | |
| 080 | _a0/9(03) | ||
| 920 | _a83-01-12090-8 | ||
| 942 | _cKS | ||
| 008 | s pl f |000 0 pol | ||
| 999 |
_c31768 _d31768 |
||
| 856 |
_uhttp://koha.tu.koszalin.pl/cgi-bin/koha/opac-detail.pl?biblionumber=31768 _yKatalog online BPK |
||